| 000 | 00513nam a22001932 4500 | ||
|---|---|---|---|
| 001 | 0000004896 | ||
| 005 | 20170406120206.0 | ||
| 008 | 141125s xx 000 0 eng d | ||
| 020 | _c$ | ||
| 040 |
_aYour Holding Symbol _cYour Holding Symbol |
||
| 100 | 1 | _aThe division of polymer chemistry. | |
| 245 | 1 | 0 | _aPolymer preprints. |
| 250 | _a ed. | ||
| 260 |
_aMassachusetts : _bpolymer, _c1999. |
||
| 300 |
_a650 p. ; _c cm. |
||
| 504 | _aindex. | ||
| 650 | 0 | _achemistry. | |
| 908 | _a141125 | ||
| 999 |
_c4706 _d4706 |
||